| 000 | 01139nam a2200325 i 4500 | ||
|---|---|---|---|
| 001 | bgj | ||
| 100 | 1 |
_aGRANT, Ulysses S. _d(1822-1885) |
|
| 245 | 1 | 0 |
_aMemoirs and selected letters / _cUlysses S. Grant ; [edited by] Mary Drake McFeely and William S. McFeely. |
| 260 |
_aNew York : _bLiterary Classics of the United States, _cc. 1990. |
||
| 300 |
_a1199 pp : _bill. ; _c21 cm. |
||
| 490 | 1 |
_aThe Library of America ; _v50 |
|
| 501 | _aContents : Personel memoirs of U. S. Grant ; Selected letters 1839-1865. | ||
| 600 | 1 | 9 | _aGrant Ulysses S., 1822-1885 |
| 650 | 9 |
_aGrant Ulysses S., 1822-1885 _aGrant Ulysses S., 1822-1885 |
|
| 650 | 9 |
_aGenerals _zUnited States |
|
| 650 | 9 |
_aPresidents _zUnited States |
|
| 651 | 9 | _aUnited States. Army | |
| 655 | _aMemoirs | ||
| 655 | _aBiographies | ||
| 655 | _aCorrespondence | ||
| 700 | 1 |
_aMcFEELY, Mary Drake. _eeditor |
|
| 700 | 1 |
_aMcFEELY, William S. _eeditor |
|
| 830 | _aThe Library of America ; | ||
| 020 | _a0940450585 (hbk, jacket) | ||
| 040 | _cBPK | ||
| 041 | 0 | _aeng | |
| 920 | _a0-940450-58-5 (hbk, jacket) | ||
| 942 | _cKS | ||
| 008 | s uk f |000 0 eng | ||
| 999 |
_c47219 _d47219 |
||
| 856 |
_uhttp://koha.tu.koszalin.pl/cgi-bin/koha/opac-detail.pl?biblionumber=47219 _yKatalog online BPK |
||